Échecs: Ne te fais pas capturer #5 - Mort subite - Statistiques

Statistiques générales
  • Ce quiz a été pris 806 fois
  • Le résultat moyen est 14 sur 26
Answers on the Grid
Answers color-coded by a green-red scale on the quiz's grid according to % correct below.
a8
b8
g8
h8
a7
b7
c7
d7
e7
f7
g7
h7
a6
c6
d6
e6
f6
h6
a5
b5
c5
d5
e5
f5
g5
h5
a4
b4
c4
f4
g4
h4
a3
b3
c3
f3
g3
h3
a2
b2
c2
d2
e2
f2
g2
h2
a1
b1
c1
d1
e1
f1
g1
h1
 
Statistiques - réponses
Réponse % Correct
e2
63%
d2
63%
e1
62%
d1
61%
f1
60%
b8
60%
f2
58%
c1
57%
g1
57%
c2
56%
g8
56%
b1
55%
a7
55%
f4
54%
h7
53%
h2
51%
a2
49%
c4
49%
g3
49%
g5
49%
b5
47%
b3
46%
f7
46%
c7
46%
a4
44%
h4
43%
Aucun quiz correspondant
Distribution des résultats
% des personnes avec chaque résultat
Percentile par nombre de réponses
Votre historique - résultats
Vous n’avez pas pris ce quiz